000 00299nam a2200121Ia 4500
008 191201s2016 xx 000 0 und d
100 _aSHAWKATALI, ABM
245 0 _aData Mining Methods and Techniques
260 _bCengage Learning
_c2016
300 _a299
650 _aB.Tech(IT)
942 _2ddc
_cBK
999 _c6992
_d6992